[Event "AUTO-ADV-2653"]
[Site "http://www.queenalice.com/game.php?id=1113528"]
[Date "2012.10.18"]
[Round "1"]
[White "PioDeCuritiba"]
[Black "BESO"]
[Result "0-1"]
[WhiteElo "1532"]
[BlackElo "1773"]

1. a3 e5 2. b4 g6 3. Bb2 Bg7 4. Nf3 Nc6 5. d3 Nge7 6. g4 O-O 7. Bg2 d5 8. Nbd2
Bxg4 9. Nb3 e4 10. dxe4 Bxb2 11. Ra2 Bxf3 12. exf3 Bc3+ 13. Nd2 dxe4 14. fxe4
Qd4 15. e5 Qxe5+ 16. Kf1 Rad8 17. Qe1 Qxe1+ 18. Kxe1 Bxd2+ 19. Ke2 Nf5 20. Bxc6
bxc6 0-1

[Event "AUTO-ADV-2653"]
[Site "http://www.queenalice.com/game.php?id=1113529"]
[Date "2012.10.18"]
[Round "1"]
[White "BESO"]
[Black "Nacional_kid"]
[Result "1-0"]
[WhiteElo "1819"]
[BlackElo "1757"]

1. e4 e5 2. Nf3 Nc6 3. d4 exd4 4. Nxd4 Nf6 5. Nxc6 bxc6 6. Bd3 Qe7 7. Nc3 d5 8.
O-O Qe5 9. Re1 d4 10. f4 Qh5 11. Be2 Qg6 12. f5 Bxf5 13. exf5 Qh6 14. Bxh6 gxh6
15. Qxd4 Be7 16. Qc4 O-O 17. Bf3 Rae8 18. Bxc6 1-0

[Event "AUTO-ADV-2653"]
[Site "http://www.queenalice.com/game.php?id=1113530"]
[Date "2012.10.18"]
[Round "1"]
[White "Nacional_kid"]
[Black "BESO"]
[Result "1-0"]
[WhiteElo "1737"]
[BlackElo "1839"]

1. e4 e6 2. e5 Nc6 3. d4 Nge7 4. Bg5 g6 5. Bf6 d6 6. Bxh8 dxe5 7. Nf3 Nf5 8.
Bxe5 Nxe5 9. dxe5 Qxd1+ 10. Kxd1 Bd7 11. Be2 O-O-O 12. Nbd2 Bc6 13. Bd3 Bc5 14.
Rf1 g5 15. Nxg5 Bxg2 16. Rg1 f6 17. Nxe6 Bxf2 18. Rxg2 1-0

[Event "AUTO-OPEN-2821"]
[Site "http://www.queenalice.com/game.php?id=1113798"]
[Date "2012.10.18"]
[Round "1"]
[White "Pros0dia"]
[Black "BESO"]
[Result "1-0"]
[WhiteElo "1987"]
[BlackElo "1779"]

1. e4 e5 2. Nf3 Nc6 3. Bb5 Nge7 4. c3 g6 5. d4 Bg7 6. d5 Nb8 7. O-O O-O 8. Be3
d6 9. h3 c6 10. dxc6 Nbxc6 11. Nbd2 d5 12. Bc5 b6 13. Bxc6 bxc5 14. Bxa8 Ba6 15.
Re1 Qxa8 16. exd5 Qxd5 17. Qa4 Qd6 18. Ne4 Qc6 19. Qxc6 Nxc6 20. Nxc5 Bc4 21.
Nb3 f5 22. Rad1 e4 23. Nfd4 Ne5 24. Nc5 Nd3 25. Nxd3 Bxd3 26. Ne6 Rf7 27. Nf4
Bf8 28. Nxd3 exd3 29. Rxd3 Kg7 30. Red1 a5 31. Rd7 Rxd7 32. Rxd7+ Kh6 33. Ra7
1-0

[Event "AUTO-OPEN-2821"]
[Site "http://www.queenalice.com/game.php?id=1113799"]
[Date "2012.10.18"]
[Round "1"]
[White "BESO"]
[Black "Pros0dia"]
[Result "0-1"]
[WhiteElo "1802"]
[BlackElo "2027"]

1. d4 Nf6 2. c4 g6 3. Nc3 d5 4. Qc2 c6 5. cxd5 Nxd5 6. e4 Nb6 7. Bf4 Bg7 8. d5
O-O 9. Rd1 Qe8 10. Nf3 Bg4 11. Be2 Bxf3 12. Bxf3 Na6 13. a3 cxd5 14. exd5 e5 15.
Be3 Nc4 16. d6 Nxe3 17. fxe3 Qd7 18. O-O Rac8 19. Qa4 Qxa4 20. Nxa4 Nc5 21. Nxc5
Rxc5 22. d7 Rd8 23. Bxb7 Rb5 24. Bc6 Rxb2 25. Rd5 Rc2 26. Rd6 Bh6 27. Re1 Rc1
28. e4 Rc3 29. a4 Bf8 30. Rf6 Be7 0-1

[Event "AUTO-OPEN-2821"]
[Site "http://www.queenalice.com/game.php?id=1113822"]
[Date "2012.10.18"]
[Round "1"]
[White "heinrich79"]
[Black "BESO"]
[Result "0-1"]
[WhiteElo "1754"]
[BlackElo "1787"]

1. e4 e6 2. d4 d5 3. Nc3 dxe4 4. Nxe4 Nf6 5. Bg5 Be7 6. Bxf6 Bxf6 7. Nf3 Be7 8.
Bd3 O-O 9. Qd2 Nc6 10. O-O-O Nxd4 11. Nxd4 Qxd4 12. h4 f6 13. Qe3 Qxe3+ 14. fxe3
Bd7 15. g4 Bc6 16. Rhf1 h6 17. Ng3 Rad8 18. e4 Ba4 19. e5 fxe5 20. g5 hxg5 21.
hxg5 Bxg5+ 22. Kb1 c5 23. Ne4 Be3 24. Rde1 Rxf1 25. Rxf1 Rf8 26. b3 Bc6 27. Re1
Bd4 28. c3 Bxe4 29. Bxe4 Bxc3 0-1

[Event "AUTO-OPEN-2821"]
[Site "http://www.queenalice.com/game.php?id=1113823"]
[Date "2012.10.18"]
[Round "1"]
[White "BESO"]
[Black "heinrich79"]
[Result "1-0"]
[WhiteElo "1771"]
[BlackElo "1770"]

1. e4 c6 2. d4 d5 3. e5 Bf5 4. Nf3 e6 5. Bd3 g6 6. Bxf5 gxf5 7. O-O Nd7 8. Bg5
Qc7 9. c3 Be7 10. Qd2 f6 11. Bf4 O-O-O 12. exf6 Bd6 13. Bxd6 Qxd6 14. f7 Ngf6
15. Re1 Ne4 16. Qh6 f4 17. Nbd2 Ndf6 18. Nxe4 Nxe4 19. Ne5 Qe7 20. Qxf4 Nd6 21.
Rac1 Rdf8 22. Qg4 Nxf7 23. Nxf7 Rxf7 24. Rxe6 Qd7 25. Rce1 Kc7 26. Qg3+ Kb6 27.
a4 Rhf8 28. f3 Rf6 29. Re7 Qf5 30. b4 Qd3 31. Qc7+ 1-0

[Event "AUTO-OPEN-2821"]
[Site "http://www.queenalice.com/game.php?id=1113836"]
[Date "2012.10.18"]
[Round "1"]
[White "Arwan"]
[Black "BESO"]
[Result "1-0"]
[WhiteElo "1741"]
[BlackElo "1833"]

1. e4 e5 2. Nf3 Nc6 3. Bc4 Nf6 4. Nc3 a6 5. O-O b5 6. Bb3 Nd4 7. Nxd4 exd4 8.
Ne2 Nxe4 9. Nxd4 Be7 10. d3 Nf6 11. Re1 O-O 12. a3 d5 13. Nc6 Qd6 14. Nxe7+ Kh8
15. Nxc8 Raxc8 16. Qf3 h6 17. Bf4 Qd7 18. Bxh6 Ng4 19. Bf4 Nf6 20. Re3 Ng4 21.
Qh3+ Kg8 22. Rg3 Nf6 23. Bh6 Qxh3 24. gxh3 Kh7 25. Be3 Kg8 26. Bh6 Nh5 27. Rg5
1-0

[Event "AUTO-OPEN-2821"]
[Site "http://www.queenalice.com/game.php?id=1113837"]
[Date "2012.10.18"]
[Round "1"]
[White "BESO"]
[Black "Arwan"]
[Result "0-1"]
[WhiteElo "1789"]
[BlackElo "1795"]

1. d4 d5 2. c4 dxc4 3. e4 Nc6 4. Nf3 Bg4 5. d5 Ne5 6. Be2 Nxf3+ 7. Bxf3 Bxf3 8.
Qxf3 Nf6 9. O-O Qd7 10. Nc3 e6 11. dxe6 Qxe6 12. Re1 c6 13. Bf4 Be7 14. e5 Nd5
15. Nxd5 cxd5 16. Rad1 Rd8 17. Qg3 O-O 18. Be3 a6 19. f4 Rc8 20. Bd4 Qh6 21. f5
Bh4 22. Be3 Bxg3 23. Bxh6 Bxe1 24. Bxg7 Kxg7 25. Rxe1 b5 26. g4 Rfe8 27. Kf2 d4
28. Kf3 b4 29. f6+ Kf8 30. g5 c3 31. bxc3 dxc3 32. Kf4 c2 33. Rc1 a5 34. h4 a4
35. h5 b3 36. g6 fxg6 37. hxg6 hxg6 38. axb3 axb3 39. e6 Rxe6 40. Kg5 b2 0-1

[Event "More Finesse"]
[Site "http://www.queenalice.com/game.php?id=1118058"]
[Date "2012.11.1"]
[Round "-"]
[White "BESO"]
[Black "Ponce"]
[Result "0-1"]
[WhiteElo "1795"]
[BlackElo "1604"]

1. e4 e5 2. Nf3 Nc6 3. d4 d6 4. dxe5 Bg4 5. exd6 Bxd6 6. Be2 Nf6 7. O-O Nxe4 8.
Nfd2 Nxd2 9. Nxd2 Bxe2 10. Qxe2+ Ne5 11. Nf3 O-O 12. Nxe5 Qf6 13. Ng4 Qh4 14. f4
Rae8 15. Qc4 Qxg4 16. Be3 Rxe3 17. g3 b6 18. Kg2 Re2+ 19. Rf2 Rxf2+ 20. Kxf2 Qh3
21. Qe4 Qxh2+ 22. Kf3 Bc5 23. f5 Qf2+ 24. Kg4 Bd6 25. Qd3 f6 26. Rf1 Qh2 27. Kf3
Qh3 28. Rg1 Be7 29. Qd7 Bd6 30. Qe6+ Kh8 31. Qe4 Qh5+ 32. g4 Qh3+ 33. Ke2 Qh2+
34. Rg2 Qe5 35. Qxe5 Bxe5 36. b4 Re8 37. Kd3 Rd8+ 38. Kc4 Rd4+ 39. Kb5 c6+ 40.
Ka6 Rxb4 41. Rd2 Ra4+ 42. Kb7 g6 43. fxg6 hxg6 44. Rd8+ Kh7 45. Rd7+ Kh6 46.
Kxc6 Rc4+ 47. Kb5 Rxc2 48. a4 Rg2 49. Rxa7 Rxg4 50. Kxb6 Bd4+ 0-1

[Event "Challenge"]
[Site "http://www.queenalice.com/game.php?id=1138218"]
[Date "2013.1.7"]
[Round "-"]
[White "roadrunner"]
[Black "BESO"]
[Result "1-0"]
[WhiteElo "1550"]
[BlackElo "1778"]

1. e3 e6 2. b3 d5 3. Nh3 Nf6 4. Bb2 Bd6 5. f4 O-O 6. Ng5 e5 7. fxe5 Ne4 8. Nxe4
dxe4 9. exd6 cxd6 10. a4 Nc6 11. c4 Ne5 12. Bxe5 dxe5 13. Nc3 f5 14. c5 Kh8 15.
g3 Qa5 16. Qh5 Qxc5 17. h3 Be6 18. Rb1 Bf7 19. Qxf5 Bg6 20. Qe6 Bf7 21. Qg4 Rae8
22. Nxe4 Qc2 23. Ra1 Be6 24. Qh4 Qb2 25. Rd1 Bxb3 26. Ng5 h6 27. Bd3 Bxd1 28.
Qe4 g6 29. Qxg6 Re7 30. Qxh6+ 1-0

[Event "REIDID93"]
[Site "http://www.queenalice.com/game.php?id=1150720"]
[Date "2013.2.11"]
[Round "1"]
[White "BESO"]
[Black "Alligator427"]
[Result "0-1"]
[WhiteElo "1775"]
[BlackElo "2224"]

1. e4 c5 2. Nf3 Nc6 3. d3 g6 4. Bd2 Bg7 5. Bc3 Nf6 6. Be2 O-O 7. O-O d6 8. Nbd2
b5 9. b3 Bb7 10. Bb2 e5 11. Ng5 Nd4 12. Bxd4 cxd4 13. a4 a6 14. axb5 axb5 15. b4
Qc7 16. Rxa8 Rxa8 17. Nb3 Ra2 18. Na5 Ba8 19. Qb1 Rxc2 20. g3 Qc3 21. Re1 Rb2
22. Qc1 d5 23. Qxc3 dxc3 24. Rc1 d4 25. Bd1 Bh6 26. f4 exf4 27. gxf4 Rxb4 28.
Nb3 Nh5 29. Nf3 Bxf4 30. Ra1 Be3+ 31. Kf1 Bc6 32. Bc2 Bd7 33. Ra6 Nf4 34. Nc5
Bg4 0-1

[Event "bon défi"]
[Site "http://www.queenalice.com/game.php?id=1150880"]
[Date "2013.2.11"]
[Round "-"]
[White "BESO"]
[Black "Ponce"]
[Result "1-0"]
[WhiteElo "1753"]
[BlackElo "1602"]

1. e4 Nc6 2. Nf3 e5 3. d4 d6 4. c4 Nxd4 5. Nxd4 exd4 6. Qxd4 c5 7. Qe3 Qf6 8.
Nc3 Nh6 9. Nd5 Qd8 10. Bd2 Be6 11. b4 Ng4 12. Qg3 Bxd5 13. cxd5 Qf6 14. Bb5+ Ke7
15. O-O h5 16. f3 Qd4+ 17. Kh1 Qxd2 18. fxg4 Qxb4 19. a4 Qxe4 20. Rae1 Qxe1 21.
Rxe1+ 1-0

[Event "Challenge"]
[Site "http://www.queenalice.com/game.php?id=1166735"]
[Date "2013.3.31"]
[Round "-"]
[White "BESO"]
[Black "Ponce"]
[Result "0-1"]
[WhiteElo "1773"]
[BlackElo "1630"]

1. e4 d5 2. Nc3 d4 3. Bb5+ c6 4. Bc4 dxc3 5. bxc3 e6 6. d4 c5 7. Nf3 Qc7 8. O-O
Nc6 9. Re1 cxd4 10. cxd4 Bd7 11. d5 Nb4 12. Bb3 a5 13. Bb2 O-O-O 14. Rc1 a4 15.
c3 Na6 16. Bxa4 Bxa4 17. Qxa4 Nc5 18. Qd1 Nf6 19. e5 Nxd5 20. Rc2 Be7 21. Qb1
Nd3 22. Re4 Qc6 23. c4 N5b4 24. Rc3 Qxe4 25. c5 Qc6 26. a3 Nxb2 0-1

[Event "Challenge"]
[Site "http://www.queenalice.com/game.php?id=1166736"]
[Date "2013.3.31"]
[Round "-"]
[White "Ponce"]
[Black "BESO"]
[Result "0-1"]
[WhiteElo "1691"]
[BlackElo "1751"]

1. d4 Nf6 2. Bg5 g6 3. Bxf6 exf6 4. e4 d5 5. Qf3 dxe4 6. Qxe4+ Qe7 7. Qxe7+ Bxe7
8. c4 f5 9. c5 Bf6 10. Nf3 Nc6 11. Bc4 Nxd4 12. Nxd4 Bxd4 13. Nc3 c6 14. O-O O-O
15. Ne2 Bxb2 16. Rab1 Bf6 17. Rb3 Be7 18. Nf4 Bxc5 19. Rg3 Bd6 20. Rf3 b5 21.
Bd3 Bb7 22. Nh3 f6 23. Rd1 Bc7 24. Nf4 Rae8 25. a4 b4 26. Ne6 Rf7 27. Bc4 Kh8
28. Nxc7 Rxc7 29. h4 c5 30. Re3 Be4 31. f3 Bc6 32. Rxe8+ Bxe8 33. Rd8 Re7 34.
Bb5 b3 35. Bxe8 b2 36. Bxg6+ Kg7 37. Bxf5 a5 38. Kf2 Rb7 39. Bb1 c4 40. Rc8 Rb4
41. Rd8 Rxa4 42. Rd7+ Kf8 43. Rxh7 Ra1 44. Be4 b1=Q 45. Bxb1 Rxb1 46. Rc7 Rb4
47. h5 Kg8 48. Rc5 a4 49. g4 a3 50. Rc8+ Kh7 51. Ke2 a2 52. Rc7+ Kh6 53. Ra7
Rb2+ 54. Ke3 c3 55. Kd3 c2 56. Kd2 c1=Q+ 57. Kxc1 Rb1+ 58. Kc2 a1=Q 59. Rxa1
Rxa1 0-1

[Event "REIDID93"]
[Site "http://www.queenalice.com/game.php?id=1181742"]
[Date "2013.5.15"]
[Round "2"]
[White "REIDID93"]
[Black "BESO"]
[Result "1-0"]
[WhiteElo "1992"]
[BlackElo "1765"]

1. c4 g6 2. Nc3 Bg7 3. d4 Nf6 4. e4 O-O 5. Bg5 Qe8 6. Bd3 d6 7. Qd2 Nbd7 8. Nge2
b6 9. h4 Ng4 10. f3 f6 11. Bf4 e5 12. Bg3 Nh6 13. Bf2 f5 14. d5 Nc5 15. Bc2 f4
16. b4 Nd7 17. Nb5 Qd8 18. h5 g5 19. Nc1 a6 20. Nc3 Nf7 21. Nb3 h6 22. c5 Nf6
23. cxd6 Nxd6 24. a4 Qe8 25. a5 Nxh5 26. axb6 cxb6 27. Bxb6 Nc4 28. Qf2 Nxb6 29.
Qxb6 Ng3 30. Rh2 Qd8 31. Qxd8 Rxd8 32. Na5 Bd7 33. Kd2 Bf8 34. Rb1 Rab8 35. Na2
Bb5 36. Kc3 Rdc8+ 37. Kb2 Be7 38. Rxh6 Ne2 39. Nc6 Bxc6 40. Rxc6 Rxc6 41. dxc6
Bxb4 42. Nxb4 Rxb4+ 43. Ka3 Rc4 44. Bd3 Rxc6 45. Bxe2 Rc2 46. Rb2 Rc3+ 47. Ka4
Kf7 48. Ra2 1-0

[Event "Challenge"]
[Site "http://www.queenalice.com/game.php?id=1187217"]
[Date "2013.6.2"]
[Round "-"]
[White "BESO"]
[Black "nuage"]
[Result "1-0"]
[WhiteElo "1758"]
[BlackElo "1618"]

1. e4 e5 2. Nf3 Nc6 3. d4 d6 4. Bb5 Bd7 5. c4 Bg4 6. d5 Ne7 7. dxc6 bxc6 8. Ba4
Nc8 9. b4 Ne7 10. Nc3 Nc8 11. Bxc6+ Bd7 12. Bxa8 Nb6 13. Bb7 Nxc4 14. Ba6 Nb6
15. O-O Bg4 16. Be2 Be7 17. h3 Be6 18. Nd5 Nxd5 19. exd5 Bf5 20. a4 e4 21. Nd4
Bd7 22. Nc6 Bxc6 23. dxc6 Bf6 24. Ra2 O-O 25. b5 Re8 26. Be3 h6 27. Bxa7 d5 28.
Rd2 Be5 29. Rxd5 Bd6 30. Bc5 Qf6 31. Bxd6 cxd6 32. Rxd6 Qe7 33. Rd7 Qe6 34. Re1
f5 35. Qc1 1-0

[Event "Challenge"]
[Site "http://www.queenalice.com/game.php?id=1202861"]
[Date "2013.7.27"]
[Round "-"]
[White "Rouletabosse"]
[Black "BESO"]
[Result "0-1"]
[WhiteElo "1740"]
[BlackElo "1783"]

1. Nf3 e6 2. d4 d5 3. a3 c5 4. dxc5 Bxc5 5. e3 Ne7 6. b4 Bd6 7. Bb2 a6 8. c4 O-O
9. c5 Bc7 10. Bd3 e5 11. Nxe5 Bf5 12. Bxf5 Nxf5 13. Nf3 Re8 14. O-O Nc6 15. Nbd2
Nh4 16. Nxh4 Qxh4 17. g3 Qh3 18. Qf3 Rad8 19. Qg2 Qh6 20. Nf3 Rb8 21. Rfd1 Rbd8
22. Nd4 Be5 23. Nxc6 Bxb2 0-1

[Event "Challenge"]
[Site "http://www.queenalice.com/game.php?id=1202862"]
[Date "2013.7.27"]
[Round "-"]
[White "BESO"]
[Black "Rouletabosse"]
[Result "1-0"]
[WhiteElo "1768"]
[BlackElo "1755"]

1. e4 e6 2. d4 d5 3. Nc3 dxe4 4. Nxe4 a6 5. c4 Nd7 6. Nf3 Ngf6 7. Nc3 Bb4 8. Bd2
O-O 9. Be2 c6 10. O-O c5 11. Bg5 h6 12. Bh4 cxd4 13. Nxd4 Be7 14. Nf3 b6 15. Qc2
Bb7 16. Rad1 Qe8 17. Nd4 Nh7 18. Bxe7 Qxe7 19. Bd3 Nhf6 20. Rde1 Nc5 21. Be2 Qc7
22. b4 1-0